Regional report: Scandinavian markets (Record no. 76192)

MARC details
000 -LEADER
fixed length control field 00832cab a2200169 4500
001 - CONTROL NUMBER
control field ##L131606
008 - FIXED-LENGTH DATA ELEMENTS--GENERAL INFORMATION
fixed length control field 051118n2005 000 0 eng u
035 ## - SYSTEM CONTROL NUMBER
System control number (Sirsi) u131606
041 0# - LANGUAGE CODE
Language code of text/sound track or separate title eng
100 1# - MAIN ENTRY--PERSONAL NAME
Personal name Eade, Christian
245 00 - TITLE STATEMENT
Title Regional report: Scandinavian markets
260 ## - PUBLICATION, DISTRIBUTION, ETC.
Date of publication, distribution, etc. 2005
490 #0 - SERIES STATEMENT
Series statement Property Week
Volume/sequential designation 70(43) 28 October 2005, 73-80(6)
520 ## - SUMMARY, ETC.
Summary, etc. Considers the impact of high vacancy rates and low rental growth on investments in Stockholm; the failure of Heron City, Stockholm's family entertainment centre; fears of overstocking in Helsinki being caused by the development of a large shopping centre; and how developers in Oslo have managed to surpass the country's strict planning laws to build new shopping centres.
690 ## - LOCAL SUBJECT ADDED ENTRY--TOPICAL TERM (OCLC, RLIN)
Topical term or geographic name as entry element PROPERTY-COMMERCIAL PROPERTY-COMMERCIAL PROPERTY MARKET
942 ## - ADDED ENTRY ELEMENTS (KOHA)
Suppress in OPAC 0
Holdings
Withdrawn status Lost status Source of classification or shelving scheme Damaged status Not for loan Home library Current library Shelving location Date acquired Total Checkouts Full call number Barcode Date last seen Copy number Price effective from Koha item type
    Dewey Decimal Classification     London London Journal article 18/11/2005   L131606 L131606 06/08/2019 1 06/08/2019 Journal article